000 01365nam a22003731 4500
001 bslw10045688
005 20240305165649.0
006 m o d
007 cr un ---uuuua
008 230418s2013 ck ob 000 0 spa d
020 _a9789587710182
020 _a9789587710199
_q(e-ISBN)
035 _a38277
040 _aUtOrBLW
_beng
_erda
_cUtOrBLW
050 4 _aHF5548.8
_b.P75 2013
082 0 4 _a158.7
_223
245 0 0 _aPsicología organizacional :
_bperspectivas y avances /
_ccompiladoras: Leonor Emilia Delgado Abella, Marilyn Vanegas García ; coautores: Juan Carlos Carvajal [and 9 others].
250 _aPrimera edición.
264 1 _aBogotá, Colombia :
_bECOE Ediciones,
_c2013.
300 _a1 online resource (xi, 222 pages)
336 _atext
_btxt
_2rdacontent
337 _acomputer
_bc
_2rdamedia
338 _aonline resource
_bcr
_2rdacarrier
490 1 _aCiencias humanas. Psicología
504 _aIncludes bibliographical references.
650 0 _aPsychology, Industrial.
650 0 _aWork
_xPsychological aspects.
700 1 _aDelgado Abella, Leonor Emilia,
_ecompiler.
700 1 _aVanegas García, Marilyn,
_ecompiler.
700 1 _aCarlos Carvajal, Juan,
_econtributor.
830 0 _aColección Ciencias humanas.
_pArea Psicología.
856 4 0 _uhttps://app.vlex.com/#/sources/38277
942 _cRAA
999 _c172667
_d172667